[Event "27th Blokadny youth"]
[Site "St. Petersburg"]
[Date "2008.01.08"]
[EventDate "?"]
[Round "4"]
[Result "1-0"]
[White "Ruslan Kashtanov"]
[Black "Anish Giri"]
[WhiteElo "2332"]
[BlackElo "2344"]
[PlyCount "95"]

1.e4 c5 2.Nf3 e6 3.c3 d5 4.ed5 ed5 5.Bb5+ Nc6 6.d4 Bd6 7.O-O
Nge7 8.dc5 Bc5 9.Nbd2 O-O 10.Nb3 Bd6 11.Bg5 Qc7 12.Be7 Ne7
13.Nbd4 Bg4 14.h3 Bh5 15.Be2 a6 16.Nh4 Be2 17.Qe2 Bh2+ 18.Kh1
Be5 19.Nhf3 Bf6 20.Rad1 Ng6 21.Qd2 Rfd8 22.Rfe1 Rd7 23.g3 Re7
24.Nf5 Re1+ 25.Re1 Qd7 26.Qd3 Rd8 27.Kg2 h5 28.Rd1 Qa4 29.Ne3
Ne7 30.a3 h4 31.Ng4 Rd6 32.Nf6+ Rf6 33.Nh4 Qe4+ 34.Qe4 de4
35.Rd8+ Kh7 36.Re8 Re6 37.Kf1 e3 38.Nf3 f6 39.Nd4 Re5 40.f4
Re4 41.Ke2 Kg6 42.Kf3 f5 43.Ke2 b6 44.a4 a5 45.Rd8 Kh5 46.Rd6
g5 47.fg5 f4 48.Nf3 1-0

[Event "27th Blokadny youth"]
[Site "St. Petersburg"]
[Date "2008.01.11"]
[EventDate "?"]
[Round "7"]
[Result "1/2-1/2"]
[White "Anish Giri"]
[Black "Aleksandr Rutman"]
[WhiteElo "2344"]
[BlackElo "2261"]
[PlyCount "131"]

1.d4 Nf6 2.g3 d5 3.Nf3 Bf5 4.c4 c6 5.Qb3 Qb6 6.cd5 Qb3 7.ab3
cd5 8.Na3 Nc6 9.Bg2 e6 10.Nb5 Bb4+ 11.Bd2 Bd2+ 12.Nd2 O-O
13.e3 Nb4 14.Na3 Nd3+ 15.Ke2 Nb2 16.Ra2 Nd3 17.Nc2 Rfc8
18.Rha1 Nf2 19.Nb4 N2e4 20.Be4 Ne4 21.Ne4 Be4 22.Ra7 Rab8
23.Kd2 g5 24.R1a5 Kg7 25.Rb5 Rc7 26.Rba5 Rbc8 27.Ra8 Kf6
28.Rc8 Rc8 29.Ra7 Rb8 30.Ke2 h5 31.Ra5 Ke7 32.Ra7 Kd6 33.Kd2
h4 34.Ke2 hg3 35.hg3 g4 36.Kd2 f6 37.Ke2 e5 38.Kd2 Ke6 39.Ke2
Kf5 40.Nd3 Rc8 41.Nc5 b6 42.Nb7 Rc2+ 43.Kd1 Rg2 44.Nd6+ Kg6
45.Ne4 de4 46.de5 fe5 47.Rb7 Rg3 48.Ke2 Rg2+ 49.Kf1 Rb2
50.Rb6+ Kf5 51.Rb8 g3 52.Rg8 Rb3 53.Rg3 Ke6 54.Ke2 Kd5 55.Rg8
Rb6 56.Rd8+ Rd6 57.Re8 Rh6 58.Rd8+ Kc5 59.Rc8+ Rc6 60.Re8 Kd5
61.Rd8+ Kc4 62.Re8 Rh6 63.Rc8+ Kd5 64.Rd8+ Kc6 65.Rc8+ Kd7
66.Rc4 1/2-1/2

[Event "BSG Pinkstertoernooi"]
[Site "Bussum NED"]
[Date "2008.05.10"]
[EventDate "2008.05.09"]
[Round "3"]
[Result "0-1"]
[White "Anish Giri"]
[Black "Normunds Miezis"]
[WhiteElo "2401"]
[BlackElo "2551"]
[PlyCount "58"]

1. d4 Nf6 2. c4 e6 3. Nf3 Bb4+ 4. Bd2 a5 5. g3 d5 6. Bg2 O-O
7. O-O Nc6 8. Qc2 Bd7 9. a3 Be7 10. Bf4 Bd6 11. Nbd2 Re8
12. Rad1 Nxd4 13. Nxd4 e5 14. Bg5 exd4 15. Bxd5 c6 16. c5 cxd5
17. cxd6 Bb5 18. Rfe1 Bxe2 19. Rc1 Qxd6 20. Qc7 Qxc7 21. Rxc7
Ba6 22. Rce7 Rxe7 23. Rxe7 Rc8 24. Bxf6 gxf6 25. Nb3 d3
26. Kg2 a4 27. Nd2 Rc2 28. Nf1 Re2 29. Ne3 Rxe3 0-1

[Event "BSG Pinkstertoernooi"]
[Site "Bussum, the Netherlands"]
[Date "2008.05.11"]
[EventDate "2008.05.09"]
[Round "4"]
[Result "1/2-1/2"]
[White "Aleksander Alienkin"]
[Black "Anish Giri"]
[WhiteElo "2407"]
[BlackElo "2401"]
[PlyCount "59"]

1. d4 Nf6 2. Nf3 g6 3. c4 Bg7 4. Nc3 O-O 5. e4 d6 6. Be2 e5
7. O-O Nc6 8. Be3 Ng4 9. Bg5 f6 10. Bc1 Kh8 11. h3 exd4
12. Nxd4 Nxd4 13. Qxd4 f5 14. Qd1 Nf6 15. exf5 Bxf5 16. Bf3
Qd7 17. Bxb7 Rae8 18. Bf3 Ne4 19. Bxe4 Bxe4 20. Be3 Bf3
21. Qd2 Be5 22. Rfe1 Qf5 23. Bd4 Bxg2 24. Kxg2 Qf3+ 25. Kg1
Qxh3 26. Bxe5+ Rxe5 27. Rxe5 Qg4+ 28. Kf1 Qh3+ 29. Kg1 Qg4+
30. Kf1 1/2-1/2

[Event "BSG Pinkstertoernooi"]
[Site "Bussum, the Netherlands"]
[Date "2008.05.12"]
[EventDate "2008.05.09"]
[Round "6"]
[Result "1/2-1/2"]
[White "Joost Wempe"]
[Black "Anish Giri"]
[WhiteElo "2282"]
[BlackElo "2401"]
[PlyCount "88"]

1. d4 Nf6 2. c4 g6 3. Nc3 Bg7 4. e4 d6 5. Nf3 O-O 6. Be2 e5
7. d5 a5 8. Bg5 Na6 9. Nd2 Qe8 10. O-O Kh8 11. Bxf6 Bxf6
12. Bg4 Bg5 13. Bxc8 Qxc8 14. Nf3 Bh6 15. Ne1 Qb8 16. Rb1 Qa7
17. a3 f5 18. exf5 Rxf5 19. b4 Rf4 20. c5 axb4 21. axb4 Nxb4
22. cxd6 Raf8 23. Nf3 cxd6 24. Qe2 Qa6 25. Qb5 Qxb5 26. Nxb5
Rd8 27. Rfd1 Na6 28. Rb3 Rc4 29. g3 Rc2 30. Rdb1 Nc5 31. Rc3
Rxc3 32. Nxc3 e4 33. Nd4 e3 34. Ne6 Rc8 35. Nb5 Ne4 36. fxe3
Bxe3+ 37. Kh1 Rc2 38. Nbd4 Bxd4 39. Nxd4 Rd2 40. Ne6 Nc5
41. Nxc5 dxc5 42. Rxb7 Rxd5 43. Rc7 h5 44. h4 Rd1+ 1/2-1/2

[Event "World's Youth Stars"]
[Site "Kirishi, Russia"]
[Date "2008.11.24"]
[EventDate "?"]
[Round "8"]
[Result "1/2-1/2"]
[White "Anish Giri"]
[Black "Dariusz Swiercz"]
[WhiteElo "2466"]
[BlackElo "2478"]
[PlyCount "134"]

1.e4 c5 2.Nf3 d6 3.d4 cxd4 4.Nxd4 Nf6 5.Nc3 a6 6.Be3 e5 7.Nb3
Be7 8.Qd2 Ng4 9.Nd5 Nxe3 10.Nxe3 Be6 11.Bc4 Nd7 12.O-O Nf6
13.Qd3 O-O 14.Nd5 Rc8 15.Nxf6+ Bxf6 16.Nd2 Qc7 17.Bxe6 fxe6
18.c4 Be7 19.b3 Rf6 20.Qe2 Rcf8 21.Rac1 Qc5 22.Rc3 Qa5 23.Rc2
Bd8 24.Nf3 Bb6 25.Qd2 Qxd2 26.Rxd2 Bc5 27.Ne1 a5 28.g3 Kf7
29.Kg2 Ke7 30.f3 g5 31.Nd3 Bd4 32.h3 h5 33.g4 Rh6 34.gxh5 Rxh5
35.a4 Rh4 36.Rb1 Rfh8 37.Rh1 R4h7 38.Rdd1 Rc8 39.Rc1 Kf6
40.Rhe1 Rhc7 41.Red1 Rc6 42.Kg3 Kg6 43.Re1 R6c7 44.Rc2 Kf6
45.Rcc1 Ra8 46.Nf2 Rh7 47.Rh1 Rc8 48.Ng4+ Ke7 49.Rb1 Rch8
50.Kg2 Kd8 51.b4 axb4 52.Rxb4 Kc7 53.a5 Ra8 54.Rb5 Kc6 55.Rhb1
b6 56.axb6 Rb7 57.Kg3 Rxb6 58.Nf6 Rba6 59.Rb7 R6a7 60.Rxa7
Bxa7 61.Kg4 Be3 62.Nh7 Rg8 63.Ra1 Rh8 64.Nxg5 Bxg5 65.Kxg5
Rxh3 66.Kf6 Rxf3+ 67.Kxe6 Re3 1/2-1/2

[Event "World's Youth Stars"]
[Site "Kirishi, Russia"]
[Date "2008.11.25"]
[EventDate "?"]
[Round "9"]
[Result "1/2-1/2"]
[White "Aleksandr Shimanov"]
[Black "Anish Giri"]
[WhiteElo "2476"]
[BlackElo "2466"]
[PlyCount "167"]

1.Nf3 Nf6 2.c4 c5 3.Nc3 Nc6 4.d4 cxd4 5.Nxd4 g6 6.g3 Bg7 7.Bg2
O-O 8.O-O Nxd4 9.Qxd4 d6 10.Qd3 Bf5 11.e4 Be6 12.b3 Qa5 13.Bd2
Qh5 14.f3 a6 15.Rac1 Rfc8 16.Nd5 Nxd5 17.exd5 Bh3 18.Rfe1 Bf6
19.Bc3 Bxc3 20.Rxc3 Bxg2 21.Kxg2 Rc7 22.Qd4 Qh6 23.Rce3 Re8
24.Qb6 Rd7 25.a4 Qg7 26.a5 Kf8 27.R1e2 Rc8 28.Qb4 Qf6 29.Re4
Rb8 30.Qb6 Qc3 31.R4e3 Qf6 32.Rd3 Kg7 33.Rde3 Kf8 34.Re4 Qc3
35.g4 Rc8 36.h4 h6 37.R4e3 Qf6 38.Kg3 g5 39.h5 Qa1 40.Kg2 Qf6
41.Rc2 Rdc7 42.Re4 Qa1 43.f4 gxf4 44.Qf2 Qg7 45.Qxf4 Qg5
46.Qf3 f6 47.Rf4 Kf7 48.Rf5 Qh4 49.Re2 Rg8 50.Re4 Rg5 51.Kf1
Rc8 52.Rxg5 Qxg5 53.Re3 Qg7 54.Qf5 Rc7 55.Ke2 Kf8 56.Kd3 Qf7
57.Kd4 Kg7 58.b4 Qe8 59.Re6 Qa4 60.Qg6+ Kf8 61.Qxh6+ Ke8
62.Qg6+ Kd8 63.Qb1 Qe8 64.Qc2 Qh8 65.c5 Qh6 66.Re4 f5 67.gxf5
Qf6+ 68.Kc4 Qxf5 69.Qg2 Qxh5 70.Qg8+ Qe8 71.Qxe8+ Kxe8 72.Rh4
Kd7 73.Rh8 Rc8 74.Rxc8 Kxc8 75.c6 e5 76.b5 axb5+ 77.Kxb5 Kc7
78.cxb7 Kxb7 79.Kc4 Ka6 80.Kb4 e4 81.Kc4 Kxa5 82.Kd4 Kb4
83.Kxe4 Kc5 84.Ke3 1/2-1/2

[Event "Open A"]
[Site "Groningen"]
[Date "2008.12.23"]
[EventDate "?"]
[Round "3"]
[Result "1/2-1/2"]
[White "Erik van den Doel"]
[Black "Anish Giri"]
[WhiteElo "2570"]
[BlackElo "2466"]
[PlyCount "70"]

1. d4 Nf6 2. c4 c6 3. Nc3 d5 4. Nf3 dxc4 5. a4 Bf5 6. e3 e6
7. Bxc4 Bb4 8. O-O Nbd7 9. Qe2 Bg6 10. e4 O-O 11. Bd3 Bh5
12. e5 Nd5 13. Nxd5 cxd5 14. Qe3 Re8 15. Ng5 Bg6 16. Bxg6 fxg6
17. Qb3 a5 18. Be3 Rc8 19. Rfc1 Nb8 20. Qd1 Rxc1 21. Rxc1 Qd7
22. Qg4 Nc6 23. h4 h6 24. Nh3 Qf7 25. Nf4 Kh7 26. g3 Qf5
27. Qe2 Be7 28. Qb5 g5 29. hxg5 Bxg5 30. Qxb7 Nxd4 31. Bxd4
Bxf4 32. gxf4 Qg6+ 33. Kh2 Qh5+ 34. Kg3 Qg6+ 35. Kh2 Qh5+
1/2-1/2

[Event "Open A"]
[Site "Groningen"]
[Date "2008.12.27"]
[EventDate "?"]
[Round "6"]
[Result "1/2-1/2"]
[White "Anish Giri"]
[Black "Robin Swinkels"]
[WhiteElo "2466"]
[BlackElo "2451"]
[PlyCount "91"]

1. d4 Nf6 2. c4 e6 3. Nf3 b6 4. g3 Bb7 5. Bg2 Be7 6. O-O O-O
7. Nc3 Ne4 8. Qc2 Nxc3 9. Qxc3 c5 10. b3 d6 11. Bb2 Bf6
12. Rfd1 Qe7 13. Qd2 Rd8 14. Bc3 Nd7 15. Qb2 d5 16. cxd5 Bxd5
17. Rac1 Rac8 18. dxc5 Bxc3 19. Rxc3 Nxc5 20. Rdc1 Qb7 21. Qc2
Be4 22. Ng5 Bxc2 23. Bxb7 Nxb7 24. R1xc2 Rxc3 25. Rxc3 Nc5
26. b4 Na6 27. a3 h6 28. Nf3 f6 29. e3 e5 30. g4 Kf7 31. Nh4
g6 32. Kg2 Rd7 33. f4 exf4 34. exf4 Nc7 35. Kg3 Nb5 36. Re3
Rc7 37. Nf3 Rc4 38. Rd3 Ke7 39. Nh4 Kf7 40. Nf3 Rc3 41. Rxc3
Nxc3 42. Nd4 Nb1 43. a4 a5 44. bxa5 bxa5 45. Nb3 Nc3 46. Nxa5
1/2-1/2

[Event "Open A"]
[Site "Groningen"]
[Date "2008.12.28"]
[EventDate "?"]
[Round "7"]
[Result "1/2-1/2"]
[White "Anish Giri"]
[Black "Dejan Bojkov"]
[WhiteElo "2466"]
[BlackElo "2472"]
[PlyCount "88"]

1. e4 e5 2. Nf3 Nc6 3. Bb5 a6 4. Ba4 Nf6 5. O-O Be7 6. Re1 b5
7. Bb3 O-O 8. h3 Bb7 9. d3 d6 10. a3 Na5 11. Ba2 c5 12. Nbd2
Bc8 13. Nf1 Be6 14. Ne3 Nc6 15. Bd5 Bxd5 16. exd5 Nb8 17. b4
cxb4 18. axb4 Nbd7 19. c4 g6 20. Bb2 bxc4 21. dxc4 a5 22. c5
axb4 23. cxd6 Bxd6 24. Nc4 Rxa1 25. Bxa1 Qc7 26. Nfxe5 Re8
27. Nxd7 Rxe1+ 28. Qxe1 Nxd7 29. Qe4 Qa7 30. Bb2 Bf8 31. Ne5
f5 32. Qc4 Qc5 33. Qd3 Nxe5 34. Bxe5 Kf7 35. g3 Bd6 36. Bb2
Be7 37. Qb3 Bd6 38. g4 Qc8 39. Qd3 Bc5 40. Qd2 Qc7 41. Kg2 Qe7
42. Kf1 Qe4 43. d6 Qb1+ 44. Kg2 Bxd6 1/2-1/2

[Event "Corus Group C"]
[Site "Wijk aan Zee NED"]
[Date "2009.01.23"]
[EventDate "2009.01.17"]
[Round "6"]
[Result "1/2-1/2"]
[White "David Howell"]
[Black "Anish Giri"]
[WhiteElo "2622"]
[BlackElo "2469"]
[PlyCount "94"]

1. e4 e5 2. Nf3 Nf6 3. Nc3 Bb4 4. Nxe5 O-O 5. Be2 Re8 6. Nd3
Bxc3 7. dxc3 Nxe4 8. O-O d6 9. f3 Nf6 10. Bg5 Nbd7 11. Re1 b6
12. a4 a5 13. Nf2 h6 14. Bh4 Nf8 15. Ne4 g5 16. Nxf6+ Qxf6
17. Bf2 Bf5 18. Qd2 Qg6 19. Rac1 Rad8 20. h4 f6 21. b3 Kg7
22. Bb5 Bd7 23. Bd3 Qf7 24. Bd4 Qh5 25. hxg5 hxg5 26. g4 Qh4
27. Qf2 Qh3 28. Qg2 Qxg2+ 29. Kxg2 Ng6 30. Kg3 Nf4 31. Bf1
Rxe1 32. Rxe1 Re8 33. Rxe8 Bxe8 34. Be3 Bg6 35. Bxf4 gxf4+
36. Kxf4 Bxc2 37. Bc4 c6 38. Ke3 d5 39. Kd2 dxc4 40. Kxc2
cxb3+ 41. Kxb3 f5 42. Kc4 Kf6 43. Kd4 b5 44. axb5 cxb5 45. c4
bxc4 46. Kxc4 fxg4 47. fxg4 Ke5 1/2-1/2

[Event "Bundesliga 2008/09"]
[Site "Various GER"]
[Date "2009.03.28"]
[EventDate "2008.10.03"]
[Round "14"]
[Result "1/2-1/2"]
[White "Anish Giri"]
[Black "Thies Heinemann"]
[WhiteElo "2466"]
[BlackElo "2490"]
[PlyCount "100"]

1. d4 Nf6 2. c4 e6 3. Nf3 b6 4. g3 Ba6 5. Qb3 Nc6 6. Nbd2 Na5
7. Qc3 c5 8. dxc5 bxc5 9. e4 Bb7 10. e5 Ne4 11. Nxe4 Bxe4
12. Bg2 Rb8 13. O-O Be7 14. Re1 Bg6 15. Nh4 Qc7 16. Nxg6 hxg6
17. b3 Nc6 18. Bb2 Nb4 19. Qd2 O-O 20. h4 Rfd8 21. Qe2 Nc6
22. h5 gxh5 23. Bxc6 Qxc6 24. Qxh5 g6 25. Qh6 Bf8 26. Qh4 Bg7
27. Rad1 d6 28. Rd2 Rd7 29. Red1 Rbd8 30. exd6 Bxb2 31. Rxb2
Kg7 32. Re2 Qf3 33. Qe4 Qxe4 34. Rxe4 Rxd6 35. Rxd6 Rxd6
36. Re5 Rc6 37. f3 Kf6 38. f4 Ke7 39. Kf2 a5 40. Kf3 Rc8
41. g4 f5 42. Kg3 Kd6 43. Kh4 Rh8+ 44. Kg5 fxg4 45. Kxg4 Rh2
46. Kg5 Rh5+ 47. Kf6 Rf5+ 48. Rxf5 gxf5 49. a3 Kd7 50. Kf7 Kd6
1/2-1/2

[Event "BSG Pinkstertoernooi"]
[Site "Bussum"]
[Date "2009.05.29"]
[EventDate "2009.05.29"]
[Round "1"]
[Result "1-0"]
[White "Vincent Blom"]
[Black "Anish Giri"]
[WhiteElo "2123"]
[BlackElo "2517"]
[PlyCount "79"]

1. Nf3 d5 2. d4 Nf6 3. g3 c6 4. Bg2 Bf5 5. O-O h6 6. c4 e6
7. Qb3 Qb6 8. c5 Qa6 9. Nc3 b6 10. cxb6 axb6 11. Ne5 Be7
12. f3 Bh7 13. e4 O-O 14. Be3 b5 15. exd5 exd5 16. Rfc1 Nfd7
17. f4 Nxe5 18. fxe5 b4 19. Bf1 Qb6 20. Ne2 Na6 21. Nf4 Nc7
22. Bh3 Rad8 23. a3 Nb5 24. axb4 Be4 25. Nd3 Nxd4 26. Qd1 Qb5
27. Bxd4 Bxd3 28. Ra7 Bxb4 29. e6 c5 30. Be5 Qb6 31. Qg4 g5
32. Rc7 Kh7 33. Rf1 c4+ 34. Kh1 Be4+ 35. Bg2 Bxg2+ 36. Kxg2
Kg8 37. exf7+ Kh7 38. Rf6 Qxf6 39. Bxf6 Kg6 40. Bxd8 1-0

[Event "Meesterkl. -2010"]
[Site "?"]
[Date "2009.10.31"]
[EventDate "?"]
[Round "2.1"]
[Result "1/2-1/2"]
[White "Anish Giri"]
[Black "Michail Feygin"]
[WhiteElo "2552"]
[BlackElo "2546"]
[PlyCount "53"]

1. d4 Nf6 2. c4 e6 3. Nf3 c5 4. d5 exd5 5. cxd5 d6 6. Nc3 g6
7. h3 Bg7 8. e4 O-O 9. Bd3 b5 10. Bxb5 Nxe4 11. Nxe4 Qa5+
12. Nfd2 Qxb5 13. Nxd6 Qa6 14. N2c4 Nd7 15. O-O Ne5 16. Nxc8
Raxc8 17. Nxe5 Bxe5 18. Re1 Rfe8 19. Bg5 Qd6 20. Rb1 Bh2+
21. Kh1 Rxe1+ 22. Qxe1 Be5 23. Qe4 f6 24. Bh6 Rd8 25. f4 Bd4
26. b3 Qxd5 27. Qe2 1/2-1/2

[Event "Dutch Championship"]
[Site "Eindhoven NED"]
[Date "2010.06.11"]
[EventDate "2010.06.11"]
[Round "1"]
[Result "1/2-1/2"]
[White "Anish Giri"]
[Black "Sipke Ernst"]
[WhiteElo "2642"]
[BlackElo "2572"]
[PlyCount "110"]

1. d4 d5 2. c4 c6 3. Nf3 Nf6 4. Nc3 dxc4 5. a4 Bf5 6. Ne5 Nbd7
7. Nxc4 Nb6 8. Ne5 a5 9. f3 Nfd7 10. e4 Nxe5 11. dxe5 Qxd1+
12. Kxd1 Be6 13. Kc2 Bc4 14. Be3 Bxf1 15. Rhxf1 Nc4 16. Bd4
O-O-O 17. Rfd1 e6 18. Kb3 Rxd4 19. Rxd4 Nxe5 20. Rc1 g5
21. Nb5 Rg8 22. Nd6+ Bxd6 23. Rxd6 Kc7 24. Rcd1 h5 25. g3 Nxf3
26. Rd7+ Kb6 27. Rxf7 Nxh2 28. Rh1 Ng4 29. Rxh5 Ne5 30. Re7
Nd3 31. Rhh7 Nc5+ 32. Kc4 Rb8 33. b4 Nxe4 34. Rxe6 Nxg3
35. bxa5+ Kxa5 36. Re3 Nf1 37. Re5+ b5+ 38. Kc5 Kxa4 39. Re2
Rf8 40. Rh3 Rf5+ 41. Kxc6 g4 42. Re4+ b4 43. Rxg4 Nd2 44. Rhh4
Rf6+ 45. Kc7 Rf7+ 46. Kd6 Rf6+ 47. Ke5 Rb6 48. Kd5 Rb8 49. Kc6
Ka3 50. Kc7 Rb5 51. Kc6 Rb8 52. Rd4 Nb3 53. Rd3 Rc8+ 54. Kb5
Rc5+ 55. Kb6 Rc3 1/2-1/2

[Event "Dutch Championship"]
[Site "Eindhoven NED"]
[Date "2010.06.12"]
[EventDate "2010.06.11"]
[Round "2"]
[Result "1/2-1/2"]
[White "Erwin L'Ami"]
[Black "Anish Giri"]
[WhiteElo "2620"]
[BlackElo "2642"]
[PlyCount "30"]

1. d4 Nf6 2. c4 e6 3. Nf3 c5 4. Nc3 cxd4 5. Nxd4 Bb4 6. g3 O-O
7. Bg2 d5 8. cxd5 Nxd5 9. Qb3 Nc6 10. Nxc6 bxc6 11. O-O Rb8
12. a3 Nxc3 13. bxc3 Bd6 14. Qc4 Qa5 15. Be3 c5 1/2-1/2

[Event "Dutch Championship"]
[Site "Eindhoven NED"]
[Date "2010.06.17"]
[EventDate "2010.06.11"]
[Round "6"]
[Result "1/2-1/2"]
[White "Jan Smeets"]
[Black "Anish Giri"]
[WhiteElo "2659"]
[BlackElo "2642"]
[PlyCount "29"]

1. e4 e5 2. Nf3 Nf6 3. d4 Nxe4 4. Bd3 d5 5. Nxe5 Nd7 6. Nxd7
Bxd7 7. O-O Bd6 8. c4 O-O 9. c5 Be7 10. Nc3 Nxc3 11. bxc3 c6
12. Bf4 b6 13. cxb6 axb6 14. a4 Bf6 15. Qb1 1/2-1/2

[Event "Dutch Championship"]
[Site "Eindhoven NED"]
[Date "2010.06.19"]
[EventDate "2010.06.11"]
[Round "8"]
[Result "1-0"]
[White "Loek van Wely"]
[Black "Anish Giri"]
[WhiteElo "2653"]
[BlackElo "2642"]
[PlyCount "113"]

1. d4 Nf6 2. c4 e6 3. Nf3 c5 4. d5 d6 5. Nc3 exd5 6. cxd5 g6
7. e4 Bg7 8. Be2 O-O 9. O-O a6 10. a4 Re8 11. Nd2 Nbd7 12. Qc2
Rb8 13. a5 Qc7 14. h3 b5 15. axb6 Nxb6 16. Re1 Nfd7 17. Nb3
Ne5 18. f4 c4 19. Na5 Qc5+ 20. Kf1 Nd3 21. Bxd3 cxd3 22. Qxd3
Bd7 23. Nc6 Bxc3 24. Qxc3 Qb5+ 25. Kg1 Bxc6 26. dxc6 Rec8
27. Ra5 Qxc6 28. Qxc6 Rxc6 29. Rxa6 Rc2 30. f5 Rbc8 31. Rxb6
Rxc1 32. Rxc1 Rxc1+ 33. Kf2 Rc2+ 34. Kf3 gxf5 35. exf5 Kg7
36. g4 Rh2 37. Kg3 Rd2 38. g5 h6 39. h4 hxg5 40. hxg5 Rd4
41. Rb7 Kg8 42. b4 Rd3+ 43. Kf4 Rd4+ 44. Kf3 Rd5 45. Ke4 Re5+
46. Kf4 Re1 47. b5 Rf1+ 48. Ke4 Re1+ 49. Kd3 Rd1+ 50. Kc2 Rd5
51. b6 Rxf5 52. g6 Rb5 53. gxf7+ Kg7 54. Kc3 d5 55. Kd4 Kf8
56. Ke5 Kg7 57. Ke6 1-0

[Event "FIDE Grand Prix Tashkent"]
[Site "Tashkent UZB"]
[Date "2014.10.21"]
[EventDate "2014.10.21"]
[Round "1.1"]
[Result "1/2-1/2"]
[White "Anish Giri"]
[Black "Boris Gelfand"]
[WhiteElo "2768"]
[BlackElo "2748"]
[PlyCount "77"]

1. d4 Nf6 2. c4 g6 3. f3 e6 4. e4 c5 5. d5 d6 6. Nc3 exd5
7. cxd5 Bg7 8. Nge2 O-O 9. Ng3 a6 10. a4 Nh5 11. Nxh5 gxh5
12. Be2 Qh4+ 13. g3 Qe7 14. h4 Nd7 15. Kf2 Ne5 16. Kg2 f5
17. f4 Ng4 18. Bxg4 hxg4 19. Re1 Bxc3 20. bxc3 fxe4 21. a5 Bf5
22. Be3 Rad8 23. Rb1 Rd7 24. Rb6 Qf7 25. c4 Re8 26. Qb3 h5
27. Rb1 Ree7 28. Kf1 Kh7 29. Ke2 Kg8 30. Kd2 Kh7 31. Qd1 Kg8
32. R1b3 Kh7 33. Kc2 Kg8 34. Kb1 Kh7 35. Ka2 Qe8 36. Qc2 Qf7
37. Qc3 Qg7 38. Qc2 Qf7 39. Qc3 1/2-1/2

[Event "FIDE Grand Prix Tashkent"]
[Site "Tashkent UZB"]
[Date "2014.10.26"]
[EventDate "2014.10.20"]
[Round "5"]
[Result "1/2-1/2"]
[White "Rustam Kasimdzhanov"]
[Black "Anish Giri"]
[WhiteElo "2706"]
[BlackElo "2768"]
[PlyCount "90"]

1. d4 Nf6 2. c4 g6 3. Nc3 d5 4. e3 Bg7 5. cxd5 Nxd5 6. Nxd5
Qxd5 7. Ne2 O-O 8. Nc3 Qd8 9. Be2 c5 10. d5 e6 11. e4 exd5
12. exd5 Qb6 13. O-O Bf5 14. Qb3 Nd7 15. Be3 h5 16. Rfd1 Qxb3
17. axb3 Bc2 18. Rd2 Bxb3 19. Bb5 Rfd8 20. Ra3 c4 21. Bxd7
Rxd7 22. Rxa7 Rad8 23. Ra5 f5 24. h4 Kf7 25. g3 Re8 26. Kg2
Bf8 27. Bc5 Bh6 28. f4 Bg7 29. Kf2 Red8 30. Bb6 Re8 31. Bd4
Bf8 32. Be5 Rc8 33. d6 Be7 34. Ke3 Bd8 35. Ra1 Bb6+ 36. Kf3
Bc5 37. Nb5 Bb4 38. Bc3 Bc5 39. Be5 Bb4 40. Bc3 Bc5 41. Kg2
Rcd8 42. Be5 Bb4 43. Rd4 Bc5 44. Rd2 Bb4 45. Rd4 Bc5 1/2-1/2

[Event "FIDE Grand Prix Tashkent"]
[Site "Tashkent UZB"]
[Date "2014.10.27"]
[EventDate "2014.10.20"]
[Round "6"]
[Result "1/2-1/2"]
[White "Anish Giri"]
[Black "Teimour Radjabov"]
[WhiteElo "2768"]
[BlackElo "2726"]
[PlyCount "103"]

1. e4 e5 2. Nf3 Nc6 3. Bb5 Nf6 4. O-O Nxe4 5. d4 Nd6 6. Bxc6
dxc6 7. dxe5 Nf5 8. Qxd8+ Kxd8 9. h3 Ke8 10. Nc3 h5 11. Bf4
Be7 12. Rad1 Be6 13. Ng5 Rh6 14. g3 Bxg5 15. Bxg5 Rg6 16. h4
f6 17. exf6 gxf6 18. Bf4 Nxh4 19. f3 Rd8 20. Kf2 Rxd1 21. Nxd1
Nf5 22. Rh1 Bxa2 23. Rxh5 Be6 24. g4 Nd6 25. Rh7 f5 26. g5 Nf7
27. Rh5 Rg8 28. Kg3 Rh8 29. Rxh8+ Nxh8 30. Bxc7 Ng6 31. Nc3
Kd7 32. Bb8 a5 33. Na4 Kc8 34. Bf4 b5 35. Nc5 Ba2 36. c3 a4
37. Bd6 Bd5 38. f4 Kd8 39. Kf2 Nh4 40. Ke3 Ke8 41. Nd3 Be4
42. Nf2 Bd5 43. Ba3 Kf7 44. Kd4 Ke6 45. Nd3 Ng6 46. Nc5+ Kf7
47. Na6 Nxf4 48. Ke5 Nd3+ 49. Kxf5 c5 50. g6+ Kg8 51. Nxc5
Nxc5 52. Bxc5 1/2-1/2

[Event "FIDE Grand Prix Tashkent"]
[Site "Tashkent UZB"]
[Date "2014.10.30"]
[EventDate "2014.10.20"]
[Round "8"]
[Result "1/2-1/2"]
[White "Anish Giri"]
[Black "Dmitry Jakovenko"]
[WhiteElo "2768"]
[BlackElo "2747"]
[PlyCount "95"]

1. c4 Nf6 2. Nc3 c5 3. g3 e6 4. Nf3 b6 5. Bg2 Bb7 6. O-O Be7
7. d4 cxd4 8. Qxd4 O-O 9. Rd1 d6 10. Bg5 Nc6 11. Qf4 Qb8
12. Nb5 Ne5 13. Bxf6 Bxf6 14. Nxd6 Nxf3+ 15. Bxf3 Bxf3
16. Qxf3 Bxb2 17. Rab1 Be5 18. c5 Qc7 19. Qe4 Qxc5 20. Rbc1
Bxd6 21. Rxc5 Bxc5 22. Qd3 a5 23. a4 Rae8 24. Kg2 e5 25. Qe4
Re6 26. Rd5 Rfe8 27. g4 h6 28. e3 g6 29. h4 Kg7 30. Kf1 Kg8
31. Ke2 Kg7 32. Kf1 Kg8 33. Kg1 Kh8 34. Rd7 R6e7 35. Rd1 Kg7
36. Kg2 Re6 37. Rd5 Kh8 38. g5 hxg5 39. hxg5 Kg8 40. Kg3 Bf8
41. Rd7 R6e7 42. Rd1 Re6 43. Kg2 Bc5 44. Rh1 Bf8 45. Qh4 Bg7
46. Qe4 Bf8 47. Rb1 Bb4 48. Rh1 1/2-1/2

[Event "FIDE Grand Prix Tashkent"]
[Site "Tashkent UZB"]
[Date "2014.11.01"]
[EventDate "2014.10.20"]
[Round "10"]
[Result "1/2-1/2"]
[White "Anish Giri"]
[Black "Baadur Jobava"]
[WhiteElo "2768"]
[BlackElo "2717"]
[PlyCount "138"]

1. Nf3 c5 2. c4 Nc6 3. d4 cxd4 4. Nxd4 e5 5. Nb5 d6 6. N1c3 a6
7. Na3 Be6 8. g3 f5 9. Bg2 Nf6 10. O-O Be7 11. e4 fxe4
12. Nxe4 O-O 13. b3 Kh8 14. Nc2 Bg4 15. Qd2 Qd7 16. Bb2 Nxe4
17. Bxe4 Bf3 18. Qd5 Qg4 19. Rae1 Qh5 20. Re3 Bxe4 21. Qxe4
Rf6 22. Bc1 Raf8 23. Rd3 Rg6 24. Rd5 Bh4 25. Ba3 Be7 26. Bc1
Qh3 27. Be3 Qh5 28. a3 Rg4 29. Qg2 Qe8 30. Nb4 h5 31. c5 Nxb4
32. axb4 Qg6 33. Rfd1 dxc5 34. Rxe5 Bf6 35. Bxc5 Bxe5 36. Bxf8
h4 37. Be7 hxg3 38. Rd8+ Kh7 39. Qh3+ Qh6 40. Qxh6+ Kxh6
41. hxg3 Re4 42. Rd7 b5 43. Bc5 Re1+ 44. Kg2 Ra1 45. Kf3 Kh7
46. Rd3 Bb2 47. Ke4 Ba3 48. Kd5 Rc1 49. Bd6 Rc8 50. Ke6 Kg6
51. f3 Rc6 52. Kd7 Rc2 53. Ke6 Rc6 54. Ke7 Rc2 55. g4 Re2+
56. Kd7 Rc2 57. Ke6 Re2+ 58. Kd5 Rc2 59. f4 Kf7 60. g5 Kg6
61. Ke6 Re2+ 62. Kd7 Re4 63. Be5 Bc1 64. Rf3 Kf5 65. Bxg7 Bxf4
66. Kc6 Kxg5 67. Kd5 Kf5 68. Bh6 Rxb4 69. Kc5 Rxb3 1/2-1/2

[Event "Shenzhen Masters"]
[Site "Shenzhen CHN"]
[Date "2017.03.23"]
[EventDate "2017.03.23"]
[Round "1.1"]
[Result "1/2-1/2"]
[White "Michael Adams"]
[Black "Anish Giri"]
[WhiteElo "2761"]
[BlackElo "2769"]
[PlyCount "61"]

1. e4 e5 2. Nf3 Nc6 3. Bb5 a6 4. Ba4 Nf6 5. O-O Nxe4 6. d4 b5
7. Bb3 d5 8. dxe5 Be6 9. Nbd2 Be7 10. c3 O-O 11. Bc2 f5
12. Nb3 Qd7 13. Nbd4 Nxd4 14. Nxd4 c5 15. Nxe6 Qxe6 16. f3 Ng5
17. a4 Rad8 18. axb5 axb5 19. Bxg5 Bxg5 20. f4 Be7 21. Kh1 d4
22. cxd4 c4 23. b3 Bc5 24. bxc4 Rxd4 25. Qf3 bxc4 26. Rfd1 g6
27. Rxd4 Bxd4 28. Ra8 Rxa8 29. Qxa8+ Kg7 30. Qb7+ Qf7
31. Qxf7+ 1/2-1/2

[Event "Shenzhen Masters"]
[Site "Shenzhen CHN"]
[Date "2017.03.26"]
[EventDate "2017.03.23"]
[Round "4.1"]
[Result "1/2-1/2"]
[White "Yu Yangyi"]
[Black "Anish Giri"]
[WhiteElo "2750"]
[BlackElo "2769"]
[PlyCount "61"]

1. d4 d5 2. c4 c6 3. Nf3 Nf6 4. Nc3 e6 5. Bg5 h6 6. Bxf6 Qxf6
7. e3 g6 8. Rc1 Nd7 9. Be2 Bg7 10. cxd5 exd5 11. b4 a6 12. a4
Qd6 13. b5 axb5 14. axb5 Nb6 15. O-O Be6 16. Qb3 Nd7 17. Na4
O-O 18. Nc5 Nxc5 19. Rxc5 Bd7 20. Rfc1 Ra7 21. Ne1 Rfa8
22. bxc6 bxc6 23. Nd3 Ra1 24. Qd1 Rxc1 25. Rxc1 h5 26. Ra1
Rxa1 27. Qxa1 Qb8 28. Nc5 Be8 29. g3 Bf8 30. Qc1 Bd6 31. Kg2
1/2-1/2

[Event "Shenzhen Masters"]
[Site "Shenzhen CHN"]
[Date "2017.03.27"]
[EventDate "2017.03.22"]
[Round "5"]
[Result "1/2-1/2"]
[White "Anish Giri"]
[Black "Peter Svidler"]
[WhiteElo "2769"]
[BlackElo "2741"]
[PlyCount "77"]

1. Nf3 Nf6 2. c4 c5 3. d4 cxd4 4. Nxd4 d5 5. cxd5 Nxd5 6. e4
Nf6 7. Bb5+ Bd7 8. Qe2 e5 9. Nf3 Bb4+ 10. Bd2 Bxd2+ 11. Nbxd2
Qb6 12. a4 a6 13. Nc4 Qc5 14. Bxd7+ Nbxd7 15. O-O O-O 16. Rfd1
Rac8 17. Nd6 Rc6 18. Qd2 Qb6 19. b4 Qc7 20. Rac1 Nb6 21. Rxc6
Qxc6 22. Nxe5 Qxa4 23. Rc1 Qb3 24. Qd4 Qe6 25. Nxb7 Re8 26. f4
Nbd7 27. Nd6 Rf8 28. Nc6 Nb8 29. Na5 Nbd7 30. Nc6 Nb8 31. Na5
Nbd7 32. Rd1 Nh5 33. e5 Qg4 34. Rf1 g5 35. h3 Nxf4 36. hxg4
Ne2+ 37. Kf2 Nxd4 38. Rd1 f6 39. e6 1/2-1/2